| 000 | nam a22 7a 4500 | ||
|---|---|---|---|
| 999 |
_c139078 _d139076 |
||
| 005 | 20180312091739.0 | ||
| 008 | 180312b fr||||| |||| 00| 0 fre d | ||
| 020 | _a2020006103 | ||
| 050 | 0 | 4 |
_aPN203 _bB37 2004 |
| 100 | 1 | _aBarthes, Roland | |
| 245 | 1 | 3 |
_aLe degré zéro de l'ecriture : _bsuivi de Nouveaux essais critiques / _cRoland Barthes |
| 250 | _a1a ed. | ||
| 260 |
_aFrancia : _bDu seuil, _c1972 |
||
| 300 |
_a179 p. ; _c18 cm. |
||
| 490 | 0 |
_aPoints essais ; _vNo. 35 |
|
| 650 | 4 | _aEstilo literario | |
| 650 | 4 | _aLiteratura francesa | |
| 942 |
_2lcc _cLIB |
||